<?xml version="1.0" encoding="UTF-8"?>
<record
    xmlns:xsi="http://www.w3.org/2001/XMLSchema-instance"
    xsi:schemaLocation="http://www.loc.gov/MARC21/slim http://www.loc.gov/standards/marcxml/schema/MARC21slim.xsd"
    xmlns="http://www.loc.gov/MARC21/slim">

  <leader>01839nam a2200325   4500</leader>
  <controlfield tag="003">OSt</controlfield>
  <controlfield tag="005">20220531084013.0</controlfield>
  <controlfield tag="008">210409b           ||||| |||| 00| 0 eng d</controlfield>
  <datafield tag="040" ind1=" " ind2="4">
    <subfield code="a">DO-SdBNP</subfield>
    <subfield code="b">spa</subfield>
    <subfield code="c">BNPHU</subfield>
  </datafield>
  <datafield tag="082" ind1=" " ind2="4">
    <subfield code="a">171.1729107293</subfield>
    <subfield code="b">V649c</subfield>
    <subfield code="2">22</subfield>
  </datafield>
  <datafield tag="100" ind1=" " ind2="1">
    <subfield code="4">Vidal, Javier sj</subfield>
  </datafield>
  <datafield tag="245" ind1="0" ind2="1">
    <subfield code="a">C&#xF3;digo de conducta de la compa&#xF1;&#xED;a de Jes&#xFA;s en Cuba y Rep&#xFA;blica Dominicana / </subfield>
    <subfield code="c">Javier Vidal sj</subfield>
  </datafield>
  <datafield tag="260" ind1=" " ind2=" ">
    <subfield code="a">[s.l. ] :</subfield>
    <subfield code="b">Compa&#xF1;&#xED;a de Jes&#xFA;s provincia de las Antillas,</subfield>
    <subfield code="c">2018.</subfield>
  </datafield>
  <datafield tag="300" ind1=" " ind2=" ">
    <subfield code="a">36 p. :</subfield>
    <subfield code="c">22 cm.</subfield>
  </datafield>
  <datafield tag="500" ind1=" " ind2=" ">
    <subfield code="a">Para mejor proceder ( San Ignacio de Loyola, Costituci&#xF3;nes SJ [134] )</subfield>
  </datafield>
  <datafield tag="505" ind1=" " ind2=" ">
    <subfield code="a">Pre&#xE1;mbulo : Fin institucional de la Compa&#xF1;&#xED;a de Jes&#xFA;s y ayudas para consequirlo </subfield>
  </datafield>
  <datafield tag="505" ind1=" " ind2=" ">
    <subfield code="a">I. Naturaleza y &#xE1;mbito de aplicaci&#xF3;n del c&#xF3;digo --</subfield>
  </datafield>
  <datafield tag="505" ind1=" " ind2=" ">
    <subfield code="a">II.Comportamiento a seguir </subfield>
  </datafield>
  <datafield tag="505" ind1=" " ind2=" ">
    <subfield code="a">A. Comportamiento de la instituci&#xF3;n</subfield>
    <subfield code="t">a) Respecto de s&#xED; mismo --</subfield>
    <subfield code="t"> b)  Con la iglesia --</subfield>
    <subfield code="t">c) Con la sociedad --</subfield>
    <subfield code="t">d) Con sus destinatarios --</subfield>
    <subfield code="t"> e) Con sus empleados y colaboradores --</subfield>
    <subfield code="t">e) Con sus empleados y colaboradores --</subfield>
    <subfield code="t"> f)Responsables del cumplimiento de estas obligaciones --  </subfield>
  </datafield>
  <datafield tag="505" ind1=" " ind2=" ">
    <subfield code="a"> B. Los empleados y colaboradores con la instituci&#xF3;n</subfield>
  </datafield>
  <datafield tag="505" ind1=" " ind2=" ">
    <subfield code="a">C) Los empleados y colaboradores con los beneficiarios  o destinatarios de la misi&#xF3;n  y la sociedad en general </subfield>
  </datafield>
  <datafield tag="505" ind1=" " ind2=" ">
    <subfield code="a">D) Relaciones personales dentro de la instituci&#xF3;n </subfield>
  </datafield>
  <datafield tag="505" ind1=" " ind2=" ">
    <subfield code="a">III. Medidas para el cumplimiento del c&#xF3;digo</subfield>
    <subfield code="t">Anexos: Procediminto para el conocimiento y la resolusi&#xF3; de las  posibles infracciones al c&#xF3;digo del conducta </subfield>
  </datafield>
  <datafield tag="590" ind1=" " ind2=" ">
    <subfield code="a">Inventariado, 2021 / SA</subfield>
  </datafield>
  <datafield tag="650" ind1=" " ind2="4">
    <subfield code="a">&#xC9;tica ocupacional </subfield>
    <subfield code="x">Cleo</subfield>
    <subfield code="z">Rep&#xFA;blica Dominicana</subfield>
    <subfield code="9">78849</subfield>
  </datafield>
  <datafield tag="650" ind1=" " ind2="4">
    <subfield code="a">&#xC9;tica ocupacional </subfield>
    <subfield code="x">Cleo</subfield>
    <subfield code="z">Cuba</subfield>
    <subfield code="9">78850</subfield>
  </datafield>
  <datafield tag="650" ind1=" " ind2="4">
    <subfield code="a">Etica ocupacional </subfield>
    <subfield code="x">Compa&#xF1;&#xED;a de Jesus</subfield>
    <subfield code="z">Rep&#xFA;blica Dominicana</subfield>
    <subfield code="9">78851</subfield>
  </datafield>
  <datafield tag="910" ind1=" " ind2=" ">
    <subfield code="a">S/A</subfield>
  </datafield>
  <datafield tag="942" ind1=" " ind2=" ">
    <subfield code="2">ddc</subfield>
    <subfield code="c">LF2</subfield>
  </datafield>
  <datafield tag="952" ind1=" " ind2=" ">
    <subfield code="0">0</subfield>
    <subfield code="1">0</subfield>
    <subfield code="2">ddc</subfield>
    <subfield code="5">1</subfield>
    <subfield code="7">1</subfield>
    <subfield code="8">MO</subfield>
    <subfield code="a">BNPHU</subfield>
    <subfield code="b">PD</subfield>
    <subfield code="c">CT</subfield>
    <subfield code="d">2021-04-09</subfield>
    <subfield code="e">Deposito Legal</subfield>
    <subfield code="l">0</subfield>
    <subfield code="o">171.1729107293 V649c</subfield>
    <subfield code="p">2021-1353</subfield>
    <subfield code="r">2021-04-09</subfield>
    <subfield code="w">2021-04-09</subfield>
    <subfield code="y">LF2</subfield>
  </datafield>
  <datafield tag="999" ind1=" " ind2=" ">
    <subfield code="c">49713</subfield>
    <subfield code="d">49713</subfield>
  </datafield>
</record>
